[Event "AUT-chT2M 2324"]
[Site "Austria"]
[Date "2024.03.17"]
[Round "8.5"]
[White "Ennsberger, Ulrich"]
[Black "Manhardt, Thomas"]
[Result "1-0"]
[WhiteElo "2280"]
[BlackElo "2176"]
[PlyCount "75"]
[EventDate "2023.11.03"]
[EventType "team-tourn"]
[EventRounds "11"]
[EventCountry "AUT"]
[SourceTitle "CB16_2024"]
[SourceDate "2024.04.17"]
[SourceVersion "1"]
[SourceVersionDate "2024.04.17"]
[SourceQuality "1"]
[WhiteTeam "Ansfelden Union"]
[BlackTeam "Graz Styria"]
[WhiteTeamCountry "AUT"]
[BlackTeamCountry "AUT"]

1. e4 c5 2. c3 d5 3. exd5 Qxd5 4. d4 cxd4 5. cxd4 Nc6 6. Nf3 e5 7. Nc3 Bb4 8. Bd2 Bxc3 9. Bxc3 e4 10. Ne5 Nxe5 11. dxe5 Ne7 12. Qe2 0-0 13. Rd1 Qxa2 14. Bb4 Qe6 15. Qxe4 Re8 16. Bb5 Nc6 17. 0-0 Bd7 18. Bc3 Qf5 19. Qxf5 Bxf5 20. Rd6 Rac8 21. Ra1 Re7 22. f4 h5 23. h3 Be4 24. Re1 Bf5 25. Be2 g6 26. g4 hxg4 27. hxg4 Be6 28. Red1 Ree8 29. Kf2 Red8 30. Kg3 Kf8 31. Bb4 Rxd6 32. Bxd6+ Ke8 33. Bd3 Ne7 34. Kh4 a6 35. Kg5 b5 36. Ra1 Rc6 37. Rxa6 Bd7 38. Bxb5 1-0

[Event "AUT-chT2M 2223"]
[Site "Austria"]
[Date "2023.03.04"]
[Round "8.3"]
[White "Eibinger, Manuel"]
[Black "Ennsberger, Ulrich"]
[Result "1/2-1/2"]
[WhiteElo "2047"]
[BlackElo "2271"]
[PlyCount "165"]
[EventDate "2022.09.30"]
[EventType "team-tourn"]
[EventRounds "11"]
[EventCountry "AUT"]
[SourceTitle "CBM 213 Extra"]
[Source "ChessBase"]
[SourceDate "2023.05.31"]
[SourceVersion "1"]
[SourceVersionDate "2023.05.31"]
[SourceQuality "1"]
[WhiteTeam "Fuerstenfeld/Hartberg"]
[BlackTeam "Ansfelden Union"]
[WhiteTeamCountry "AUT"]
[BlackTeamCountry "AUT"]

1. d4 d6 2. g3 e5 3. Bg2 exd4 4. Qxd4 Nc6 5. Qa4 Bd7 6. Nf3 Nf6 7. c4 g6 8. Nbd2 Bg7 9. 0-0 0-0 10. a3 a5 11. Qc2 a4 12. b4 axb3 13. Qxb3 Re8 14. e3 Ne4 15. Bb2 Nc5 16. Qa2 Ra4 17. Bxg7 Kxg7 18. Nd4 Ne5 19. Qc2 Qf6 20. Nb5 Bxb5 21. cxb5 Rea8 22. Nb3 Ned7 23. Nd4 Rxa3 24. Rxa3 Rxa3 25. Qb2 Ra5 26. Qc3 Ra4 27. Ra1 Rxa1+ 28. Qxa1 Nb6 29. Qa7 d5 30. Bxd5 Nxd5 31. Qxc5 Qe5 32. Qa7 b6 33. Qa3 h5 34. h4 Nf6 35. Qb2 Kh7 36. Qa2 Kg7 37. Qb2 Ne4 38. Kg2 Kg8 39. Qa2 Nd6 40. Qb3 Qc5 41. Kh2 Qc4 42. Qb1 Qd5 43. Qb2 Qe5 44. Qb1 Kf8 45. Qb4 Qc5 46. Qb2 Kg8 47. Qb1 Qe5 48. Qb4 Nf5 49. Nc6 Qc5 50. Qa4 Kh7 51. Qb3 Nd6 52. Nd4 Qc4 53. Qb1 Kg8 54. Kg1 Qc3 55. Kg2 Kg7 56. Kg1 Nc4 57. Qe4 Qe1+ 58. Kg2 Qf1+ 59. Kxf1 Nd2+ 60. Ke2 Nxe4 61. Kf3 Nc3 62. Kf4 Kf6 63. e4 Ke7 64. f3 Kd6 65. g4 Kc5 66. gxh5 gxh5 67. Nb3+ Kc4 68. Nc1 Nxb5 69. Kg5 Nd4 70. f4 Nf3+ 71. Kxh5 Kd4 72. Kg4 Nxh4 73. Kxh4 Kxe4 74. Kg5 c5 75. Ne2 Kd3 76. Nc1+ Kc2 77. Kf6 Kxc1 78. Kxf7 b5 79. f5 b4 80. f6 b3 81. Kg8 b2 82. f7 b1Q 83. f8Q 1/2-1/2

[Event "AUT-chT2M 2223"]
[Site "Austria"]
[Date "2023.03.03"]
[Round "7.4"]
[White "Ennsberger, Ulrich"]
[Black "Steiner, Stefan"]
[Result "0-1"]
[WhiteElo "2271"]
[BlackElo "2262"]
[PlyCount "114"]
[EventDate "2022.09.30"]
[EventType "team-tourn"]
[EventRounds "11"]
[EventCountry "AUT"]
[SourceTitle "CBM 213 Extra"]
[Source "ChessBase"]
[SourceDate "2023.05.31"]
[SourceVersion "1"]
[SourceVersionDate "2023.05.31"]
[SourceQuality "1"]
[WhiteTeam "Ansfelden Union"]
[BlackTeam "Frauental"]
[WhiteTeamCountry "AUT"]
[BlackTeamCountry "AUT"]

1. c4 b6 2. d4 Bb7 3. Nc3 f5 4. Nf3 Nf6 5. g3 g6 6. Bg2 Bg7 7. 0-0 0-0 8. d5 Na6 9. e4 Nxe4 10. Nxe4 fxe4 11. Ng5 Nc5 12. Qe2 c6 13. dxc6 Bxc6 14. Nxe4 Ne6 15. Be3 Qc7 16. Ng5 Bxg2 17. Kxg2 Qc6+ 18. Kg1 Nxg5 19. Bxg5 Rf5 20. Be3 Raf8 21. Rac1 Qe6 22. Qd2 Rh5 23. Rfd1 d6 24. b4 Rf3 25. Qe2 Rf8 26. Rc2 Re5 27. Qd2 Rf3 28. Qe2 Rf7 29. Qd3 Rf3 30. Kg2 Ref5 31. c5 bxc5 32. bxc5 dxc5 33. Qc4 Qxc4 34. Rxc4 Bd4 35. Bxd4 cxd4 36. Rd2 e5 37. Rc5 Ra3 38. g4 Rf4 39. h3 e4 40. Rxd4 Rxa2 41. Kg3 Raxf2 42. Rxe4 Rxe4 43. Kxf2 Kf7 44. Ra5 Re7 45. Kf3 Ke6 46. Kf4 Kd6 47. h4 Kc6 48. h5 Kb6 49. Ra1 a5 50. Kg5 gxh5 51. gxh5 Kb5 52. Kh6 a4 53. Rg1 Rc7 54. Rg5+ Rc5 55. Rg7 a3 56. Rxh7 Rc6+ 57. Kg5 a2 0-1

[Event "AUT-chT 1920"]
[Site "Austria"]
[Date "2020.01.11"]
[Round "7.6"]
[White "Ciolek, Andreas"]
[Black "Ennsberger, Ulrich"]
[Result "1/2-1/2"]
[WhiteElo "2238"]
[BlackElo "2236"]
[PlyCount "131"]
[EventDate "2019.10.10"]
[EventType "team-tourn"]
[EventRounds "11"]
[EventCountry "AUT"]
[SourceTitle "CBM 194 Extra"]
[Source "ChessBase"]
[SourceDate "2020.03.31"]
[SourceVersion "1"]
[SourceVersionDate "2020.03.31"]
[SourceQuality "1"]
[WhiteTeam "Bregenz"]
[BlackTeam "Ansfelden"]
[WhiteTeamCountry "AUT"]
[BlackTeamCountry "AUT"]

1. e4 c6 2. d4 d5 3. exd5 cxd5 4. Bd3 Nc6 5. c3 Nf6 6. Bf4 Bg4 7. Qb3 Qd7 8. Nd2 Nh5 9. Be3 e5 10. dxe5 Nxe5 11. Bb5 Nc6 12. Ngf3 Be6 13. Qa4 Bd6 14. Nd4 Rc8 15. Nxe6 fxe6 16. Qh4 Qf7 17. 0-0 0-0 18. f4 Bxf4 19. Bxf4 Nxf4 20. Bd3 g5 21. Qxg5+ Qg7 22. Qxg7+ Kxg7 23. Bb5 e5 24. g3 Ng6 25. Nf3 Rf5 26. Rad1 Rd8 27. Kg2 a6 28. Be2 e4 29. Nd2 Rxf1 30. Nxf1 d4 31. cxd4 Rxd4 32. Rxd4 Nxd4 33. Bg4 Ne7 34. Ne3 Kf6 35. Kf2 b5 36. h4 Ke5 37. Bd7 Nd5 38. Nxd5 Kxd5 39. g4 Ke5 40. Ke3 Nc2+ 41. Kd2 Nb4 42. a3 Nd3 43. b4 Kf4 44. Bc8 Kf3 45. Bb7 Ne5 46. g5 Kf4 47. Bxa6 Nc4+ 48. Ke2 Nd6 49. Kf2 e3+ 50. Ke2 Ne4 51. Bb7 Nc3+ 52. Ke1 Kg4 53. Bc8+ Kxh4 54. Bf5 Kxg5 55. Bxh7 Kf4 56. Bg6 Ke5 57. Be8 Kd4 58. Bd7 Kd5 59. Be8 Kc4 60. Bf7+ Kd3 61. Bg6+ Kd4 62. Be8 Kd5 63. Bd7 Kd4 64. Be8 Kc4 65. Bf7+ Kd3 66. Bg6+ 1/2-1/2

[Event "AUT-chT 1920"]
[Site "Austria"]
[Date "2019.10.10"]
[Round "1.4"]
[White "Ennsberger, Ulrich"]
[Black "Novkovic, Milan"]
[Result "0-1"]
[WhiteElo "2259"]
[BlackElo "2357"]
[PlyCount "79"]
[EventDate "2019.10.10"]
[EventType "team-tourn"]
[EventRounds "11"]
[EventCountry "AUT"]
[SourceTitle "EXT 2020"]
[Source "ChessBase"]
[SourceDate "2019.10.17"]
[SourceVersion "1"]
[SourceVersionDate "2019.10.17"]
[SourceQuality "1"]
[WhiteTeam "Ansfelden"]
[BlackTeam "Hohenems"]
[WhiteTeamCountry "AUT"]
[BlackTeamCountry "AUT"]

1. Nf3 Nf6 2. c4 e6 3. Nc3 d5 4. d4 c6 5. Bg5 dxc4 6. e4 b5 7. e5 h6 8. Bh4 g5 9. Nxg5 hxg5 10. Bxg5 Be7 11. exf6 Bxf6 12. Bxf6 Qxf6 13. g3 Bb7 14. Bg2 Na6 15. Nxb5 cxb5 16. Bxb7 Nb4 17. 0-0 Rd8 18. Qd2 Nd3 19. Bc6+ Kf8 20. Rad1 Rxd4 21. Qe3 Rh5 22. a4 bxa4 23. Rd2 Ra5 24. Be4 Qe5 25. Qh6+ Ke7 26. Bxd3 cxd3 27. Qh7 Qf5 28. Qh8 Qe5 29. Qc8 Qc5 30. Qb7+ Rd7 31. Qe4 Qd4 32. Qh7 a3 33. bxa3 Rxa3 34. h4 Rd5 35. Kh2 Rf5 36. Qg8 Rc3 37. Qb8 Qb6 38. Qa8 Rc2 39. Rxc2 dxc2 40. Qe4 0-1

[Event "AUT-chT 1819"]
[Site "Austria"]
[Date "2019.03.31"]
[Round "10.5"]
[White "Ennsberger, Ulrich"]
[Black "Kupfner, Franz"]
[Result "1-0"]
[WhiteElo "2253"]
[BlackElo "2133"]
[PlyCount "127"]
[EventDate "2018.11.15"]
[EventType "team-tourn"]
[EventRounds "11"]
[EventCountry "AUT"]
[SourceTitle "CBM 189 Extra"]
[Source "ChessBase"]
[SourceDate "2019.06.03"]
[SourceVersion "1"]
[SourceVersionDate "2019.06.03"]
[SourceQuality "1"]
[WhiteTeam "Ansfelden"]
[BlackTeam "Mayrhofen/Zillertal"]
[WhiteTeamCountry "AUT"]
[BlackTeamCountry "AUT"]

1. e4 c5 2. Nf3 Nc6 3. Bb5 d6 4. d4 cxd4 5. Qxd4 Bd7 6. Bxc6 Bxc6 7. Nc3 Nf6 8. Bg5 e6 9. 0-0-0 Be7 10. Rhe1 0-0 11. Qd2 Qc7 12. Nd4 a6 13. f4 Rfd8 14. f5 e5 15. Bxf6 Bxf6 16. Nf3 b5 17. Nd5 Bxd5 18. Qxd5 Rac8 19. Re2 Qb6 20. Qb3 Rc4 21. Rd5 h5 22. Qd3 Qc7 23. Kb1 b4 24. Rd2 Rc5 25. Rxd6 Rxd6 26. Qxd6 Rxc2 27. Qxc7 Rxc7 28. Rc2 Ra7 29. Rc8+ Kh7 30. Kc2 g6 31. Rc6 Kg7 32. fxg6 fxg6 33. Kb3 a5 34. Ka4 g5 35. h3 g4 36. hxg4 hxg4 37. Nh2 g3 38. Ng4 Bg5 39. Nxe5 Bf6 40. Nc4 Re7 41. Nd6 Kg6 42. b3 Kg5 43. Kxa5 Ra7+ 44. Ra6 Rxa6+ 45. Kxa6 Kf4 46. Nf5 Bc3 47. Kb5 Be1 48. Kc4 Kxe4 49. Nxg3+ Bxg3 50. Kxb4 Kd5 51. Kb5 Kd6 52. a4 Kc7 53. Ka6 Kb8 54. b4 Ka8 55. b5 Kb8 56. b6 Ka8 57. a5 Kb8 58. Kb5 Kb7 59. a6+ Ka8 60. Kc6 Kb8 61. a7+ Ka8 62. Kd7 Kb7 63. a8Q+ Kxa8 64. Kc8 1-0

[Event "AUT-chT2M 1718"]
[Site "Austria"]
[Date "2018.02.11"]
[Round "9.5"]
[White "Manhardt, Thomas"]
[Black "Ennsberger, Ulrich"]
[Result "1-0"]
[WhiteElo "2229"]
[BlackElo "2252"]
[PlyCount "55"]
[EventDate "2017.10.27"]
[EventType "team-tourn"]
[EventRounds "11"]
[EventCountry "AUT"]
[SourceTitle "EXT 2019"]
[Source "ChessBase"]
[SourceDate "2018.10.10"]
[SourceVersion "1"]
[SourceVersionDate "2018.10.10"]
[SourceQuality "1"]
[WhiteTeam "Gleisdorf"]
[BlackTeam "Ansfelden"]
[WhiteTeamCountry "AUT"]
[BlackTeamCountry "AUT"]

1. e4 d6 2. d4 Nf6 3. Nc3 e5 4. Nf3 Nbd7 5. Bc4 Be7 6. 0-0 0-0 7. Re1 c6 8. a4 a5 9. h3 Qc7 10. b3 h6 11. Bb2 Re8 12. Bd3 Bf8 13. Ne2 exd4 14. Nfxd4 Nxe4 15. Ng3 Nef6 16. Rxe8 Nxe8 17. Qe2 Nef6 18. Ndf5 Ne5 19. f4 Ned7 20. Ne4 Qd8 21. Nfxd6 Nd5 22. Nxc8 Nxf4 23. Qf3 Nxd3 24. cxd3 Rxc8 25. Kh1 Nc5 26. Rf1 Qd5 27. Nf6+ gxf6 28. Qxf6 1-0

[Event "AUT-chT2M 1718"]
[Site "Austria"]
[Date "2018.02.10"]
[Round "8.5"]
[White "Ennsberger, Ulrich"]
[Black "Tomazini, Aljosa"]
[Result "1-0"]
[WhiteElo "2252"]
[BlackElo "2356"]
[PlyCount "127"]
[EventDate "2017.10.27"]
[EventType "team-tourn"]
[EventRounds "11"]
[EventCountry "AUT"]
[SourceTitle "EXT 2019"]
[Source "ChessBase"]
[SourceDate "2018.10.10"]
[SourceVersion "1"]
[SourceVersionDate "2018.10.10"]
[SourceQuality "1"]
[WhiteTeam "Ansfelden"]
[BlackTeam "Maria Saal II"]
[WhiteTeamCountry "AUT"]
[BlackTeamCountry "AUT"]

1. c4 Nf6 2. Nc3 c5 3. g3 d5 4. cxd5 Nxd5 5. Bg2 Nc7 6. Nf3 Nc6 7. 0-0 e5 8. d3 Be7 9. Nd2 Bd7 10. Nc4 f6 11. f4 b5 12. Ne3 exf4 13. gxf4 Rb8 14. a4 b4 15. Ncd5 Nxd5 16. Bxd5 Nd4 17. Bd2 Be6 18. Bxe6 Nxe6 19. Nf5 g6 20. Qb3 Rb6 21. a5 Rc6 22. Nxe7 Kxe7 23. Be3 Nd4 24. Bxd4 Qxd4+ 25. Kh1 Rd8 26. Rf3 Qd5 27. Qxd5 Rxd5 28. b3 Ra6 29. Re3+ Kf7 30. Kg2 Rd7 31. Kf3 Rb7 32. Ke4 Re7+ 33. Kf3 Rxe3+ 34. Kxe3 Ke6 35. Ke4 f5+ 36. Ke3 Kd5 37. Kd2 Kc6 38. e4 Kb5 39. e5 g5 40. fxg5 Re6 41. Re1 Kxa5 42. d4 cxd4 43. Kd3 Kb6 44. Kxd4 Kc7 45. Rf1 Kd7 46. Rxf5 Ke8 47. Rf6 Re7 48. h4 Rc7 49. Rh6 Kf8 50. h5 a5 51. Ra6 Rc3 52. Kd5 Rxb3 53. Ke6 Rc3 54. Ra8+ Kg7 55. Ra7+ Kg8 56. Rxa5 h6 57. Ra8+ Kg7 58. Ra7+ Kg8 59. g6 b3 60. Rb7 Rh3 61. Kf6 Rf3+ 62. Ke7 Rf5 63. e6 Rxh5 64. Kf6 1-0

[Event "AUT-chT2M 1718"]
[Site "Austria"]
[Date "2017.11.25"]
[Round "5.6"]
[White "Wisnet, Dominic"]
[Black "Ennsberger, Ulrich"]
[Result "1/2-1/2"]
[WhiteElo "2274"]
[BlackElo "2252"]
[PlyCount "132"]
[EventDate "2017.10.27"]
[EventType "team-tourn"]
[EventRounds "11"]
[EventCountry "AUT"]
[SourceTitle "CBM 181 Extra"]
[Source "ChessBase"]
[SourceDate "2017.12.12"]
[SourceVersion "1"]
[SourceVersionDate "2017.12.12"]
[SourceQuality "1"]
[WhiteTeam "Sauwald"]
[BlackTeam "Ansfelden"]
[WhiteTeamCountry "AUT"]
[BlackTeamCountry "AUT"]

1. c4 e5 2. g3 Nf6 3. Bg2 d5 4. cxd5 Nxd5 5. Nc3 Nb6 6. Nf3 Nc6 7. 0-0 Be7 8. a3 a5 9. d3 0-0 10. Be3 Be6 11. Rc1 f5 12. Nd2 f4 13. Bxb6 cxb6 14. Nc4 Bc5 15. Ne4 Bd4 16. Qd2 b5 17. Ncd6 Qb6 18. gxf4 exf4 19. Ng5 Bb3 20. Nxb7 Ne5 21. Nc5 f3 22. Nxf3 Nxf3+ 23. exf3 Bd5 24. Ne4 Be5 25. Qg5 Rae8 26. f4 Bxe4 27. dxe4 Bxf4 28. Qd5+ Kh8 29. Rc6 Qb8 30. h3 Rd8 31. Qc5 Bh2+ 32. Kh1 Qf4 33. Qc1 Qb8 34. Rc5 Bf4 35. Qc3 b4 36. Qb3 Qb6 37. Rd5 Rxd5 38. Qxd5 Qf6 39. Qxa5 Be5 40. f4 Bxf4 41. Qxb4 g5 42. a4 Rc8 43. a5 Qd8 44. a6 Qd3 45. Qb7 Rg8 46. Qc6 Be5 47. Rf5 Qb1+ 48. Rf1 Qd3 49. Rf5 g4 50. Qd5 Qb1+ 51. Bf1 Bxb2 52. a7 Qa1 53. Qb7 g3 54. Kg2 Bd4 55. Qa6 Qxa6 56. Bxa6 Bxa7 57. e5 Bd4 58. e6 Re8 59. Bc4 Kg7 60. Rf7+ Kg6 61. Kxg3 Be5+ 62. Kf3 Bd6 63. h4 Rf8 64. Bd3+ Kh6 65. Rxf8 Bxf8 66. Kg4 Be7 1/2-1/2

[Event "AUT-chT2M 1718"]
[Site "Austria"]
[Date "2017.10.29"]
[Round "3.4"]
[White "Ennsberger, Ulrich"]
[Black "Danner, Georg"]
[Result "1/2-1/2"]
[WhiteElo "2252"]
[BlackElo "2284"]
[PlyCount "53"]
[EventDate "2017.10.27"]
[EventType "team-tourn"]
[EventRounds "11"]
[EventCountry "AUT"]
[SourceTitle "CBM 181 Extra"]
[Source "ChessBase"]
[SourceDate "2017.12.12"]
[SourceVersion "1"]
[SourceVersionDate "2017.12.12"]
[SourceQuality "1"]
[WhiteTeam "Ansfelden"]
[BlackTeam "Pinggau Friedberg"]
[WhiteTeamCountry "AUT"]
[BlackTeamCountry "AUT"]

1. d4 Nf6 2. Nf3 e6 3. g3 b5 4. Bg2 Bb7 5. 0-0 c5 6. Bg5 Na6 7. c4 bxc4 8. Na3 c3 9. bxc3 cxd4 10. Nb5 Qa5 11. Bxf6 gxf6 12. Qxd4 Be7 13. Nd6+ Bxd6 14. Qxd6 Qc5 15. Qd3 Qc7 16. Rab1 Nc5 17. Qd4 Ke7 18. Rfd1 Rab8 19. Rb5 d6 20. Rdb1 Bc6 21. Rxb8 Rxb8 22. Rxb8 Qxb8 23. Qb4 Qb7 24. Kf1 Qb6 25. Kg1 Qb7 26. Kf1 Qb6 27. Kg1 1/2-1/2

[Event "AUT-chT2M 1617"]
[Site "Austria"]
[Date "2017.03.24"]
[Round "9.2"]
[White "Wanderer, Thomas"]
[Black "Ennsberger, Ulrich"]
[Result "0-1"]
[WhiteElo "2204"]
[BlackElo "2285"]
[PlyCount "100"]
[EventDate "2016.10.07"]
[EventType "team-tourn"]
[EventRounds "11"]
[EventCountry "AUT"]
[SourceTitle "CBM 177 Extra"]
[Source "ChessBase"]
[SourceDate "2017.04.27"]
[SourceVersion "1"]
[SourceVersionDate "2017.04.27"]
[SourceQuality "1"]
[WhiteTeam "Gleisdorf"]
[BlackTeam "Ansfelden"]
[WhiteTeamCountry "AUT"]
[BlackTeamCountry "AUT"]

1. e4 c5 2. Nc3 a6 3. g3 b5 4. Bg2 Bb7 5. d3 Nf6 6. Nf3 b4 7. Ne2 d6 8. 0-0 Nbd7 9. b3 g6 10. Bb2 Bg7 11. h3 0-0 12. a4 e6 13. Rb1 Qc7 14. Qd2 d5 15. exd5 exd5 16. Qf4 Qb6 17. Qh4 Rfe8 18. Rfe1 h6 19. g4 Re7 20. Ng3 Rae8 21. Rxe7 Rxe7 22. g5 hxg5 23. Qxg5 Qd6 24. Re1 Rxe1+ 25. Nxe1 Nf8 26. Qe5 Qxe5 27. Bxe5 Ne6 28. Nf1 Nd7 29. Bxg7 Kxg7 30. Ne3 Nf4 31. Bf1 Ne5 32. Kh2 f5 33. N1g2 Nh5 34. Be2 d4 35. Nxf5+ Kf6 36. Nd6 Bd5 37. Bxh5 gxh5 38. Nf4 Bf3 39. Kg3 Bd1 40. Ne4+ Kf5 41. Nxc5 h4+ 42. Kxh4 Kxf4 43. Ne6+ Kf3 44. Nxd4+ Kxf2 45. Kg5 Nf3+ 46. Nxf3 Kxf3 47. Kf5 Ke3 48. Ke5 Bxc2 49. Kd5 Kxd3 50. Kc5 Kc3 0-1

[Event "AUT-chT2M 1516"]
[Site "Austria"]
[Date "2016.02.27"]
[Round "7.3"]
[White "Ennsberger, Ulrich"]
[Black "Hresc, Vladimir"]
[Result "0-1"]
[WhiteElo "2343"]
[BlackElo "2382"]
[PlyCount "104"]
[EventDate "2015.10.02"]
[EventType "team-tourn"]
[EventRounds "11"]
[EventCountry "AUT"]
[SourceTitle "EXT 2017"]
[Source "ChessBase"]
[SourceDate "2016.10.25"]
[SourceVersion "1"]
[SourceVersionDate "2016.10.25"]
[SourceQuality "1"]
[WhiteTeam "Ansfelden"]
[BlackTeam "Wolfsberg"]
[WhiteTeamCountry "AUT"]
[BlackTeamCountry "AUT"]

1. Nf3 Nf6 2. c4 e6 3. g3 d5 4. Bg2 Be7 5. 0-0 0-0 6. d4 dxc4 7. Qc2 a6 8. a4 Bd7 9. Ne5 Bc6 10. Nxc6 Nxc6 11. e3 Na5 12. Nd2 c5 13. Nxc4 cxd4 14. Nxa5 Qxa5 15. exd4 Nd5 16. Qb3 Rfd8 17. Rd1 Qb4 18. Qd3 Rac8 19. Bd2 Qc4 20. Qe4 Qb3 21. Bf1 Nf6 22. Qe3 Qb6 23. Bc3 Nd5 24. Qe1 Bb4 25. a5 Qd6 26. Rd3 Rc4 27. Qe4 Bxc3 28. bxc3 Rdc8 29. Rf3 Rxc3 30. Bd3 f5 31. Qe1 g6 32. Kg2 Kf7 33. Rb1 Qc6 34. Be4 Kg8 35. Rb6 fxe4 36. Rxc3 Qxc3 37. Qxe4 Rc6 38. Rxb7 Qc2 39. Qe5 Nc7 40. Qf6 Qe4+ 41. Kh3 Qf5+ 42. Qxf5 exf5 43. Rb6 Rc4 44. d5 Nxd5 45. Rxa6 Ra4 46. Ra7 Nb4 47. f4 Nc6 48. Ra6 Nb4 49. Ra7 Ra2 50. Kh4 Rxh2+ 51. Kg5 Nd5 52. g4 Rg2 0-1

[Event "AUT-chT2M 1415"]
[Site "Austria"]
[Date "2014.10.05"]
[Round "3.1"]
[White "Ennsberger, Ulrich"]
[Black "Renner, Christoph"]
[Result "1-0"]
[WhiteElo "2335"]
[BlackElo "2375"]
[PlyCount "81"]
[EventDate "2014.10.03"]
[EventType "team-tourn"]
[EventRounds "11"]
[EventCountry "AUT"]
[SourceTitle "EXT 2015"]
[Source "ChessBase"]
[SourceDate "2014.11.20"]
[SourceVersion "1"]
[SourceVersionDate "2014.11.20"]
[SourceQuality "1"]
[WhiteTeam "Ansfelden"]
[BlackTeam "Sauwald"]
[WhiteTeamCountry "AUT"]
[BlackTeamCountry "AUT"]

1. c4 f5 2. Nc3 Nf6 3. d3 e5 4. Nf3 Nc6 5. g3 Bb4 6. Bg2 0-0 7. 0-0 Bxc3 8. bxc3 d6 9. Rb1 Qe8 10. Ne1 Qh5 11. f4 e4 12. Nc2 b6 13. Ne3 Be6 14. Nd5 Nxd5 15. cxd5 Bxd5 16. c4 Be6 17. dxe4 fxe4 18. Rb5 Qe8 19. Bxe4 Bxc4 20. Bxh7+ Kxh7 21. Qc2+ Kh8 22. Qxc4 Nd4 23. Rg5 Nxe2+ 24. Kf2 Nxc1 25. Rxc1 c5 26. f5 Rf6 27. Re1 Qf7 28. Qf4 Rh6 29. h4 Rf8 30. g4 Rxh4 31. Qxd6 Rh6 32. Qf4 Qxa2+ 33. Re2 Qf7 34. Kg3 c4 35. Qe5 Rc8 36. Rg6 Kh7 37. g5 Rh1 38. Rh2+ Rxh2 39. Kxh2 Qc7 40. Rd6 Qc5 41. Rh6+ 1-0

[Event "AUT-chT 1314"]
[Site "Austria"]
[Date "2013.12.08"]
[Round "3.6"]
[White "Ennsberger, Ulrich"]
[Black "Waldmann, Gerald"]
[Result "1-0"]
[WhiteElo "2333"]
[BlackElo "2090"]
[PlyCount "93"]
[EventDate "2013.12.06"]
[EventType "team-tourn"]
[EventRounds "11"]
[EventCountry "AUT"]
[SourceTitle "CBM 157 Extra"]
[Source "ChessBase"]
[SourceDate "2013.12.19"]
[SourceVersion "1"]
[SourceVersionDate "2013.12.19"]
[SourceQuality "1"]
[WhiteTeam "Ansfelden"]
[BlackTeam "Wolfsberg"]
[WhiteTeamCountry "AUT"]
[BlackTeamCountry "AUT"]

1. c4 e5 2. Nc3 Nf6 3. Nf3 Nc6 4. g3 d5 5. cxd5 Nxd5 6. Bg2 Nb6 7. 0-0 Be7 8. d3 0-0 9. a3 a5 10. Be3 Be6 11. Ne4 Nd5 12. Bc5 f6 13. Bxe7 Qxe7 14. Rc1 Bf7 15. Qc2 Nd8 16. Rfd1 b6 17. d4 c6 18. dxe5 fxe5 19. Rd2 Kh8 20. Qd1 Ra7 21. Nh4 Be6 22. Nf3 Bg8 23. Qa4 Nf6 24. Nxf6 gxf6 25. Nh4 Be6 26. Bxc6 Rc7 27. Rdc2 Nf7 28. Bg2 Rxc2 29. Qxc2 Rd8 30. Nf5 Qd7 31. Ne3 Qb5 32. Bc6 Qa6 33. h4 Rc8 34. Qd1 Rd8 35. Qe1 b5 36. Bg2 Rd6 37. Be4 Qb6 38. Bf5 Qd8 39. Bxe6 Rxe6 40. Rd1 Rd6 41. Rxd6 Nxd6 42. Qd2 Qc7 43. Qd5 b4 44. axb4 axb4 45. Qe6 Ne4 46. Qe8+ Kg7 47. Nf5# 1-0

[Event "AUT-chT 1213"]
[Site "Austria"]
[Date "2013.03.24"]
[Round "11.5"]
[White "Ennsberger, Ulrich"]
[Black "Schmidlechner, Alexander"]
[Result "1-0"]
[WhiteElo "2368"]
[BlackElo "2304"]
[PlyCount "27"]
[EventDate "2012.11.02"]
[EventType "team-tourn"]
[EventRounds "11"]
[EventCountry "AUT"]
[SourceTitle "EXT 2014"]
[Source "ChessBase"]
[SourceDate "2013.11.20"]
[SourceVersion "1"]
[SourceVersionDate "2013.11.20"]
[SourceQuality "1"]
[WhiteTeam "Ansfelden"]
[BlackTeam "Absam"]
[WhiteTeamCountry "AUT"]
[BlackTeamCountry "AUT"]

1. e4 c5 2. Nc3 Nc6 3. f4 g6 4. Bc4 Bg7 5. Nf3 d6 6. 0-0 e6 7. f5 exf5 8. d3 Nge7 9. Qe1 0-0 10. Qh4 Qd7 11. Bh6 a6 12. Ng5 Ne5 13. Bxg7 Kxg7 14. exf5 1-0

[Event "AUT-chT 1213"]
[Site "Austria"]
[Date "2013.03.21"]
[Round "8.5"]
[White "Schroll, Gerhard"]
[Black "Ennsberger, Ulrich"]
[Result "1-0"]
[WhiteElo "2403"]
[BlackElo "2368"]
[PlyCount "49"]
[EventDate "2012.11.02"]
[EventType "team-tourn"]
[EventRounds "11"]
[EventCountry "AUT"]
[SourceTitle "EXT 2014"]
[Source "ChessBase"]
[SourceDate "2013.11.20"]
[SourceVersion "1"]
[SourceVersionDate "2013.11.20"]
[SourceQuality "1"]
[WhiteTeam "Zwettl"]
[BlackTeam "Ansfelden"]
[WhiteTeamCountry "AUT"]
[BlackTeamCountry "AUT"]

1. d4 Nf6 2. c4 e6 3. Nc3 Bb4 4. e3 0-0 5. Nge2 d5 6. a3 Bd6 7. Ng3 c5 8. dxc5 Bxc5 9. Be2 Nc6 10. b4 Be7 11. Bb2 a6 12. 0-0 dxc4 13. Bxc4 b5 14. Be2 Bb7 15. Bf3 Qb6 16. Nce4 Nxe4 17. Bxe4 f5 18. Bf3 Bf6 19. Qb3 Rae8 20. Rad1 Bxb2 21. Qxb2 Rd8 22. Qb3 Bc8 23. Qc3 Ne7 24. Nh5 Rf7 25. Qc5 1-0

[Event "AUT-chT 1213"]
[Site "Austria"]
[Date "2013.01.19"]
[Round "6.5"]
[White "Wallner, Joachim"]
[Black "Ennsberger, Ulrich"]
[Result "1/2-1/2"]
[WhiteElo "2380"]
[BlackElo "2368"]
[PlyCount "77"]
[EventDate "2012.11.02"]
[EventType "team-tourn"]
[EventRounds "11"]
[EventCountry "AUT"]
[SourceTitle "EXT 2014"]
[Source "ChessBase"]
[SourceDate "2013.11.20"]
[SourceVersion "1"]
[SourceVersionDate "2013.11.20"]
[SourceQuality "1"]
[WhiteTeam "Wien Husek"]
[BlackTeam "Ansfelden"]
[WhiteTeamCountry "AUT"]
[BlackTeamCountry "AUT"]

1. b3 e5 2. Bb2 Nc6 3. e3 Nf6 4. Bb5 Bd6 5. Na3 a6 6. Bxc6 dxc6 7. Nc4 Qe7 8. Nf3 Bg4 9. Bxe5 Bxf3 10. Bxd6 cxd6 11. Qxf3 d5 12. Nb2 Ne4 13. Qe2 Qc5 14. Qd3 0-0 15. 0-0 Qa3 16. Rfb1 Rfe8 17. f3 Nf6 18. Qd4 Qe7 19. Nd3 a5 20. a4 Qd8 21. c3 b6 22. b4 Re7 23. bxa5 c5 24. Qf4 Rxa5 25. Rb5 Rea7 26. Rxa5 Rxa5 27. Rb1 h6 28. Rb5 Rxb5 29. axb5 Qa8 30. Kf2 Qa5 31. Qb8+ Kh7 32. Ne5 Qxb5 33. Nxf7 Qb2 34. Ke2 Qb5+ 35. Kf2 Qb2 36. Ke1 Qb1+ 37. Ke2 Qb5+ 38. Kf2 Qb2 39. Ke2 1/2-1/2